Dimensionamiento de la planta de tratamiento de aguas residuales de la Ciudad de Alajuela y redacción de su respectivo manual de operación y mantenimiento

সংরক্ষণ করুন:
গ্রন্থ-পঞ্জীর বিবরন
প্রধান লেখক: Gómez Jiménez, Mariela
বিন্যাস: গ্রন্থ
প্রকাশিত: San José, Costa Rica 2009
বিষয়গুলি:
ট্যাগগুলো: ট্যাগ যুক্ত করুন
কোনো ট্যাগ নেই, প্রথমজন হিসাবে ট্যাগ করুন!

MARC

LEADER 00000nam a2200000Ia 4500
003 001512
005 20221231144043.0
008 140114s2009 cr a 000 ||s d
040 |c cru CEDI 
090 |a TFG 6027 
100 |a Gómez Jiménez, Mariela  |9 3426 
245 |a Dimensionamiento de la planta de tratamiento de aguas residuales de la Ciudad de Alajuela y redacción de su respectivo manual de operación y mantenimiento  
260 |c 2009  |b San José, Costa Rica 
300 |a xi, 155 hojas; ilustraciones 
500 |a Tesis (licenciatura en ingeniería química)--Universidad de Costa Rica. Facultad de Ingeniería. Escuela de Ingeniería Química 
650 |x PLANTAS PARA TRATAMIENTO DE AGUAS RESIDUALES  |x  TRANSPORTE - MANTENIMIENTO Y REPARACION   |x COSTOS  |x MANUALES  |x ALAJUELA (COSTA RICA)   |x PURIFICACION DE AGUAS RESIDUALES  |9 3427 
942 |c TFG 
999 |c 16201  |d 16201